000 00246nam a2200097Ia 4500
001 655304
005 20250826154534.0
008 250824s9999 xx 000 0 und d
245 0 _aMARTI ANTİK
_cANTON ÇEHOV
260 _bANTİK DÜNYA KLASİKLERİ
999 _c655304
_d655304